Tous les blasons des Landes - Statistiques

Statistiques générales
  • Ce quiz a été pris 15 fois
  • Le résultat moyen est 27 sur 150
Statistiques - réponses
Par images Réponse % Correct
Dax
93%
Mont-de-Marsan
79%
Biscarrosse
64%
Capbreton
43%
Hagetmau
43%
Lit-et-Mixe
43%
Moliets-et-Maâ
43%
Parentis-en-Born
43%
Peyre
43%
Saint-Sever
43%
Soorts-Hossegor
43%
Aire-sur-l'Adour
36%
Bassercles
36%
Grenade-sur-l'Adour
36%
Labouheyre
36%
Mimizan
36%
Morcenx
36%
Peyrehorade
36%
Roquefort
36%
Saint-Paul-en-Born
36%
Saint-Paul-lès-Dax
36%
Saint-Pierre-du-Mont
36%
Saint-Vincent-de-Paul
36%
Saint-Vincent-de-Tyrosse
36%
Soustons
36%
Amou
29%
Bascons
29%
Doazit
29%
Eugénie-les-Bains
29%
Habas
29%
Labenne
29%
Léon
29%
Pouillon
29%
Saint-Barthélémy
29%
Saint-Martin-de-Hinx
29%
Tartas
29%
Vielle-Saint-Girons
29%
Vieux-Boucau-les-Bains
29%
Arengosse
21%
Bias
21%
Biaudos
21%
Brassempouy
21%
Bretagne-de-Marsan
21%
Campagne
21%
Castets
21%
Gabarret
21%
Geaune
21%
Josse
21%
Labastide-d'Armagnac
21%
Labrit
21%
Lencouacq
21%
Magescq
21%
Messanges
21%
Montfort-en-Chalosse
21%
Mugron
21%
Ondres
21%
Pissos
21%
Pomarez
21%
Pontenx-les-Forges
21%
Pontonx-sur-l'Adour
21%
Préchacq-les-Bains
21%
Saint-André-de-Seignanx
21%
Sainte-Marie-de-Gosse
21%
Samadet
21%
Tarnos
21%
Villeneuve-de-Marsan
21%
Aurice
14%
Bahus-Soubiran
14%
Bas-Mauco
14%
Bougue
14%
Brocas
14%
Heugas
14%
Labatut
14%
Lagrange
14%
Larrivière-Saint-Savin
14%
Le Leuy
14%
Montaut
14%
Saint-Avit
14%
Saint-Cricq-Chalosse
14%
Saint-Cricq-Villeneuve
14%
Saint-Laurent-de-Gosse
14%
Saint-Lon-les-Mines
14%
Saint-Perdon
14%
Sarbazan
14%
Saugnac-et-Cambran
14%
Sorde-l'Abbaye
14%
Sore
14%
Tercis-les-Bains
14%
Angoumé
7%
Angresse
7%
Arboucave
7%
Arjuzanx
7%
Artassenx
7%
Aubagnan
7%
Audon
7%
Aureilhan
7%
Azur
7%
Banos
7%
Bats
7%
Bégaar
7%
Belhade
7%
Benquet
7%
Betbezer-d'Armagnac
7%
Beylongue
7%
Beyries
7%
Biarrotte
7%
Cachen
7%
Cagnotte
7%
Callen
7%
Carcarès-Sainte-Croix
7%
Classun
7%
Coudures
7%
Créon-d'Armagnac
7%
Duhort-Bachen
7%
Escource
7%
Gaâs
7%
Gamarde-les-Bains
7%
Garein
7%
Garrosse
7%
Herm
7%
Lacajunte
7%
Liposthey
7%
Lussagnet
7%
Mézos
7%
Morganx
7%
Pimbo
7%
Poyartin
7%
Sainte-Eulalie-en-Born
7%
Sainte-Foy
7%
Saint-Maurice-sur-Adour
7%
Saint-Pandelon
7%
Sanguinet
7%
Sarraziet
7%
Uza
7%
Yzosse
7%
Arsague
0%
Arue
0%
Audignon
0%
Baigts
0%
Bastennes
0%
Bonnegarde
0%
Boos
0%
Commensacq
0%
Estibeaux
0%
Latrille
0%
Mant
0%
Nassiet
0%
Perquie
0%
Saint-Agnet
0%
Sindères
0%
Aucun quiz correspondant
Distribution des résultats
% des personnes avec chaque résultat
Percentile par nombre de réponses
Votre historique - résultats
Vous n’avez pas pris ce quiz